000 00751nam a2200229 i 4500
001 145558
003 ES-MaACL
005 20250808011539.0
007 t|
008 071015s1977 sp ||||1| spa d
245 0 3 _aLa vida después de la muerte /
_c[por] Arnold Toynbee, Arthur Koestler y otros ; traducción [del inglés] de Carlos Gardini.
260 _aBarcelona :
_bEdhasa,
_c[1977]
300 _a391 p. ;
_c20 cm.
490 1 _aPerspectivas
650 1 7 _aVida futura
_2embne
_917794
700 1 _aGardini, Carlos.
_955503
700 1 _aToynbee, Arnold Joseph.
_9111194
700 1 _aKoestler, Arthur,
_d1905-1983
_968460
830 0 _aPerspectivas
_9183529
852 _aES-MaACL
_jL-2899
_bR.103745
999 _c145558
_d145558